00610nam a2200193Ia 4500008004100000020001500041041001200056082001600068100001900084245005300103250000900156260002100165300000800186650001500194700001300209942000700222999001300229952017400242221030s9999 xx 000 0 und d a0070472645 aEnglish a105.23bNew aJ. W. Newstrom 0aOrganizational Behavior - Human Behavior at Work a11th bTMHaDelhic2005 a534 aManagement aK. Davis cBK c132d132 pMBA 818g295.00l2o105.23 Newr2025-05-30 00:00:00s2025-05-05w2022-10-30yBK003Print4070aMIETLIBbMIETLIBcBL-Second, FL-1, CUP-61, SH-4, R-4d2006-03-1710HMBA